Geelong Cats 2021 AFL Playing List - Statistics

General Stats
  • This quiz has been taken 73 times
  • The average score is 21 of 44
Answer Stats
Jumper # Answer % Correct
35 Patrick Dangerfield
92%
14 Joel Selwood
90%
26 Tom Hawkins
85%
5 Jeremy Cameron
83%
1 Rhys Stanley
83%
44 Tom Stewart
77%
46 Mark Blicavs
75%
29 Cameron Guthrie
72%
39 Zach Guthrie
72%
7 Isaac Smith
70%
3 Brandan Parfitt
68%
22 Mitch Duncan
68%
4 Shaun Higgins
67%
23 Gary Rohan
63%
32 Gryan Miers
62%
2 Zach Tuohy
62%
6 Jordan Clark
58%
45 Bradley Close
57%
24 Jed Bews
53%
38 Jack Henry
50%
40 Luke Dahlhaus
47%
30 Tom Atkins
47%
27 Sam Menegola
45%
19 Quinton Narkle
43%
17 Esava Ratugolea
42%
8 Jake Kolodjashnij
42%
25 Lachie Henderson
42%
42 Mark O'Connor
42%
9 Max Holmes
37%
16 Sam De Koning
35%
18 Charlie Constable
33%
31 Francis Evans
28%
12 Cooper Stephens
27%
11 Josh Jenkins
25%
20 Oscar Brownless
23%
15 Nathan Kreuger
22%
28 Darcie Fort
20%
37 Sam Simpson
20%
21 Nick Stevens
18%
33 Shannon Neale
18%
10 Ben Jarvis
15%
43 Stefan Okunbor
13%
41 Cameron Taheny
12%
36 Paul Tsapatolis
7%
No matching quizzes found
Score Distribution
Percent of People with Each Score
Percentile by Number Answered
Your Score History
You have not taken this quiz